UM Logo

Correlational Study on Licensure Exam for Teachers Performance for Biological Science Majors in UM Digos College from 2011-2014/ (Record no. 7197)

MARC details
000 -LEADER
fixed length control field 00616nam a22001457a 4500
008 - FIXED-LENGTH DATA ELEMENTS--GENERAL INFORMATION
fixed length control field 170809b xxu||||| |||| 00| 0 eng d
082 ## - DEWEY DECIMAL CLASSIFICATION NUMBER
Edition number 2016
Classification number UT 0813
Item number C89
100 ## - MAIN ENTRY--PERSONAL NAME
9 (RLIN) 21784
Personal name Cuizon, Gold Mark June M.
245 ## - TITLE STATEMENT
Title Correlational Study on Licensure Exam for Teachers Performance for Biological Science Majors in UM Digos College from 2011-2014/
Statement of responsibility, etc. Gold June Mark M. Cuizon and Sharif Rafael P. Don.
260 ## - PUBLICATION, DISTRIBUTION, ETC. (IMPRINT)
Place of publication, distribution, etc. Digos City:
Name of publisher, distributor, etc. UMDC
Date of publication, distribution, etc. October 2015.
300 ## - PHYSICAL DESCRIPTION
Extent 34 pages;
Dimensions 30 cm.
650 #0 - SUBJECT ADDED ENTRY--TOPICAL TERM
9 (RLIN) 21785
Topical term or geographic name as entry element Education
Form subdivision Biological Science
General subdivision Undergraduate thesis.
700 ## - ADDED ENTRY--PERSONAL NAME
9 (RLIN) 21786
Personal name Don, Sharif Rafael P.
942 ## - ADDED ENTRY ELEMENTS (KOHA)
Source of classification or shelving scheme Dewey Decimal Classification
Koha item type Undergraduate Thesis
Holdings
Withdrawn status Lost status Source of classification or shelving scheme Damaged status Not for loan Collection code Home library Current library Date acquired Total Checkouts Full call number Barcode Date last seen Copy number Price effective from Koha item type
    Dewey Decimal Classification     Undergraduate Theses UM Digos College - LIC UM Digos College - LIC 04/24/2017   UT 0813 C89 UT0813 08/09/2017 1 08/09/2017 Undergraduate Thesis